Výpočet čistiarne odpadových vôd (ČOV) pre obce do 10 000 obyvateľov
Saved in:
| Main Author: | |
|---|---|
| Other Authors: | |
| Format: | Manuscript Book |
| Language: | Slovak |
| Published: |
2016
|
| Subjects: | |
| Online Access: | http://is.stuba.sk/zp/portal_zp.pl?podrobnosti=93467 |
| Tags: |
No Tags, Be the first to tag this record!
|
MARC
| LEADER | 00000ntm a22000003a 4500 | ||
|---|---|---|---|
| 001 | stuzp52734 | ||
| 003 | SK-STU | ||
| 005 | 20160719154249.5 | ||
| 007 | ta | ||
| 008 | 150427s2015----xo-----f-mn---000-0-slo-d | ||
| 040 | |a STU |b slo | ||
| 041 | 0 | |a slo | |
| 100 | 1 | |a Púček, Ondrej |u 046290 |4 aut |U FCHPT Ústav chemického a environmentálneho inžinierstva |T FCHPT Oddelenie environmentálneho inžinierstva |X 43135 |U C6290 |Y 120 |7 43135 | |
| 242 | 0 | 1 | |a Calculation for Wastewater Treatment Plants (WWTP) for Settlements up to 10,000 Inhabitants |y eng |
| 245 | 1 | 0 | |a Výpočet čistiarne odpadových vôd (ČOV) pre obce do 10 000 obyvateľov |
| 260 | |c 2016 | ||
| 650 | 4 | |a počet EO |2 slo | |
| 650 | 4 | |a aktivácia s aeróbnou stabilizáciou kalu |2 slo | |
| 650 | 4 | |a parametre objektov ČOV |2 slo | |
| 650 | 4 | |a Activated Sludge Process with Aerobic Sludge Digestion |2 eng | |
| 650 | 4 | |a Number of PE |2 eng | |
| 650 | 4 | |a Parameters of WWTP Units |2 eng | |
| 700 | 1 | |a Drtil, Miloslav |u 046290 |k Z1 |4 ths |U FCHPT Ústav chemického a environmentálneho inžinierstva |T FCHPT Oddelenie environmentálneho inžinierstva |X 3377 |U C6290 |Y 120 |7 A000003377 | |
| 856 | 4 | |u http://is.stuba.sk/zp/portal_zp.pl?podrobnosti=93467 | |
| SQL | |a stuzp52734 |b DBP |c SLO |d Výpočet čistiarne odpadových vôd (ČOV) pre obce do 10 000 obyvateľov |e 43135 |f Púček, Ondrej |g 046290 |h 3377 |i Drtil, Miloslav |j 20160712 |k 106 |l 04 |m http://is.stuba.sk/zp/portal_zp.pl?podrobnosti=93467 |n B-CHI |o 5.2.17. chemické inžinierstvo | ||